Creative Writing/ (Record no. 190505)

MARC details
000 -LEADER
fixed length control field 00505nam a22001817a 4500
005 - DATE AND TIME OF LATEST TRANSACTION
control field 20220727104208.0
010 ## - LCCN (DPL NO)
LC control number ENG-133997
020 ## - INTERNATIONAL STANDARD BOOK NUMBER
Terms of availability 130.00
035 ## - SYSTEM CONTROL NUMBER
System control number EN-117529
037 ## - SOURCE OF ACQUISITION
Source of stock number/acquisition DBAD/PUB
082 ## - DEWEY DECIMAL CLASSIFICATION NUMBER
Classification number 880.8
100 ## - MAIN ENTRY--PERSONAL NAME
Personal name A. Devaraj
245 ## - TITLE STATEMENT
Title Creative Writing/
Statement of responsibility, etc K.R. Velchala
260 ## - PUBLICATION, DISTRIBUTION, ETC. (IMPRINT)
Place of publication, distribution, etc Chennai
Name of publisher, distributor, etc Emerald Publishers
Date of publication, distribution, etc 2011
270 ## - ADDRESS
Address 15A, First Floor, Casa Major Road, Egmore
City Chennai
Postal code 600008
300 ## - PHYSICAL DESCRIPTION
Extent 99p.
Dimensions 19cm(pb)
Other physical details index
942 ## - ADDED ENTRY ELEMENTS (KOHA)
Source of classification or shelving scheme Dewey Decimal Classification
Item type English Books
Classification part 880.8
Call number suffix DEV
Holdings
Withdrawn status Lost status Not for loan Collection code Home library Current library Date acquired Source of acquisition Cost, normal purchase price Full call number Barcode Copy number Cost, replacement price Koha item type
      Non-fiction Shahdara Branch Shahdara Branch 27/07/2022 DBAD/PUB 130.00 880.8 DEV EN-117529 1 130.00 English Books

© Delhi Public Library
Hit Counter
free hit counter